[Event "Skopje MKD"]
[Site "Skopje MKD"]
[Date "2014.04.05"]
[Round "9.8"]
[White "Salem, Aylem"]
[Black "Predojevic, Borki"]
[Result "1/2-1/2"]
[WhiteElo "2558"]
[BlackElo "2607"]
[PlyCount "71"]
[EventDate "2014.03.29"]
[EventType "swiss"]
[EventRounds "9"]

1. d4 d5 2. c4 c6 3. Nf3 Nf6 4. Nc3 dxc4 5. a4 Bf5 6. Ne5 Nbd7 7. Nxc4 Nb6 8.
Ne5 a5 9. g3 Nfd7 10. Nf3 e6 11. Bg2 h6 12. e4 Bh7 13. O-O Bb4 14. d5 e5 15.
Nh4 O-O 16. dxc6 bxc6 17. Nf5 Nf6 18. Qf3 Bxf5 19. exf5 Nbd5 20. Ne4 Rc8 21.
Be3 Nxe4 22. Qxe4 Nxe3 23. fxe3 Qf6 24. Rac1 Rfd8 25. Rf2 Rd6 26. h4 Rcd8 27.
Bf1 Kf8 28. Kg2 Bd2 29. Rb1 Bb4 30. Rc1 Bd2 31. Rc2 Be1 32. Rfe2 Bb4 33. Kh2 g6
34. Bh3 gxf5 35. Bxf5 Rd2 36. Rg2 1/2-1/2

[Event "Skopje MKD"]
[Site "Skopje MKD"]
[Date "2014.04.05"]
[Round "9.9"]
[White "Kuljasevic, Davorin"]
[Black "Grandelius, Nils"]
[Result "1-0"]
[WhiteElo "2567"]
[BlackElo "2600"]
[PlyCount "65"]
[EventDate "2014.03.29"]
[EventType "swiss"]
[EventRounds "9"]

1. d4 Nf6 2. c4 e6 3. Nc3 Bb4 4. Qc2 d5 5. cxd5 exd5 6. Bg5 c5 7. dxc5 h6 8.
Bh4 g5 9. Bg3 Ne4 10. e3 Qa5 11. Rc1 Nc6 12. Bd3 Nxg3 13. hxg3 d4 14. exd4 Nxd4
15. Qd1 Be6 16. Nf3 O-O-O 17. O-O Bg4 18. Ne4 Kb8 19. a3 Nxf3+ 20. gxf3 Bd2 21.
Nxd2 Rxd3 22. Qe2 Qd8 23. fxg4 Rxd2 24. Qe5+ Ka8 25. c6 bxc6 26. Rxc6 Qd4 27.
Qxd4 Rxd4 28. Re1 Rxg4 29. Ra6 Rb8 30. Re7 Rxb2 31. Rexa7+ Kb8 32. Rxf7 h5 33.
Rh6 1-0

[Event "Skopje MKD"]
[Site "Skopje MKD"]
[Date "2014.04.05"]
[Round "9.11"]
[White "Harika, Dronavalli"]
[Black "Delchev, Aleksander"]
[Result "1/2-1/2"]
[WhiteElo "2487"]
[BlackElo "2638"]
[PlyCount "72"]
[EventDate "2014.03.29"]
[EventType "swiss"]
[EventRounds "9"]

1. d4 Nf6 2. c4 e6 3. Nc3 Bb4 4. e3 c5 5. Bd3 O-O 6. Nf3 d5 7. O-O dxc4 8. Bxc4
Nbd7 9. a3 Ba5 10. Qe2 a6 11. Rd1 b5 12. Bd3 Bb7 13. dxc5 Bxc3 14. bxc3 Qc7 15.
c4 bxc4 16. Bxc4 Ng4 17. h3 Bxf3 18. Qxf3 Qh2+ 19. Kf1 Qe5 20. Qe2 Rab8 21. Bd2
Ngf6 22. Kg1 Nxc5 23. Rac1 Nfe4 24. Bb4 a5 25. Bxc5 Nxc5 26. Rc2 Ne4 27. Rdc1
Rfd8 28. Bd3 g6 29. Bxe4 Qxe4 30. Rc4 Qd3 31. Qxd3 Rxd3 32. a4 Rb4 33. Rxb4
axb4 34. Rb1 b3 35. a5 Rd5 36. Rxb3 Rxa5 1/2-1/2

[Event "Skopje MKD"]
[Site "Skopje MKD"]
[Date "2014.04.05"]
[Round "9.12"]
[White "Romanov, Evgeny"]
[Black "Pavlidis, Antonios"]
[Result "1-0"]
[WhiteElo "2636"]
[BlackElo "2463"]
[PlyCount "67"]
[EventDate "2014.03.29"]
[EventType "swiss"]
[EventRounds "9"]

1. Nf3 Nf6 2. d4 e6 3. Bg5 d5 4. e3 c5 5. c3 Qb6 6. Qc2 Nc6 7. Nbd2 Be7 8. Bd3
h6 9. Bh4 Bd7 10. O-O Rc8 11. Qb1 cxd4 12. exd4 Nh5 13. Bxe7 Nxe7 14. a4 Nf4
15. Bc2 O-O 16. Re1 Nc6 17. Nf1 Nh5 18. Ne5 Nxe5 19. Rxe5 Nf6 20. Ng3 a5 21.
Qc1 Rc4 22. Qd2 Rfc8 23. h3 Kf8 24. Rb1 Qd6 25. Re3 R4c7 26. Rbe1 b5 27. Rf3
Ng8 28. Qd3 bxa4 29. Qh7 f5 30. Nh5 Be8 31. Bxf5 Bxh5 32. Bxe6+ Nf6 33. Qg8+
Ke7 34. Qf7+ 1-0

[Event "Skopje MKD"]
[Site "Skopje MKD"]
[Date "2014.04.05"]
[Round "9.13"]
[White "Smirnov, Artem"]
[Black "Nevednichy, Vladislav"]
[Result "1/2-1/2"]
[WhiteElo "2445"]
[BlackElo "2591"]
[PlyCount "24"]
[EventDate "2014.03.29"]
[EventType "swiss"]
[EventRounds "9"]

1. d4 Nf6 2. Bg5 c6 3. Nd2 Qb6 4. Ngf3 d5 5. e3 Qxb2 6. Bd3 Nbd7 7. O-O e6 8.
c4 Qb6 9. cxd5 exd5 10. e4 dxe4 11. Nxe4 Be7 12. Ng3 O-O 1/2-1/2

[Event "Skopje MKD"]
[Site "Skopje MKD"]
[Date "2014.04.05"]
[Round "9.14"]
[White "Jumabayev, Rinat"]
[Black "Kadric, Denis"]
[Result "1-0"]
[WhiteElo "2580"]
[BlackElo "2485"]
[PlyCount "69"]
[EventDate "2014.03.29"]
[EventType "swiss"]
[EventRounds "9"]

1. e4 c5 2. Nf3 d6 3. Nc3 a6 4. g3 b5 5. Bg2 Bb7 6. d3 g6 7. O-O Bg7 8. d4 Nd7
9. Re1 Rc8 10. a4 b4 11. Nd5 Ndf6 12. dxc5 dxc5 13. Ne5 e6 14. Nc4 exd5 15.
exd5+ Kf8 16. Bf4 Nh6 17. Bd6+ Kg8 18. Be7 Qd7 19. Nb6 Qc7 20. a5 Qb8 21. d6
Bxg2 22. d7 Rd8 23. Bxd8 Qxd8 24. Kxg2 Nf5 25. Qd3 h5 26. Re5 Nxd7 27. Rd5 Bxb2
28. Re1 Bd4 29. Nxd7 Kg7 30. Qf3 Qg5 31. Kf1 Qd2 32. Rxf5 gxf5 33. Qxf5 Qh6 34.
Nxc5 h4 35. Qg4+ 1-0

[Event "Skopje MKD"]
[Site "Skopje MKD"]
[Date "2014.04.05"]
[Round "9.15"]
[White "Georgescu, Tiberiu"]
[Black "Bachmann, Axel"]
[Result "1-0"]
[WhiteElo "2468"]
[BlackElo "2575"]
[PlyCount "53"]
[EventDate "2014.03.29"]
[EventType "swiss"]
[EventRounds "9"]

1. d4 Nf6 2. c4 e6 3. Nf3 b6 4. g3 Ba6 5. Nbd2 c5 6. Bg2 Bb7 7. e4 cxd4 8. e5
Ng4 9. O-O Qc7 10. Re1 Bc5 11. Ne4 Bxe4 12. Rxe4 f5 13. exf6 Nxf6 14. Bf4 Qc8
15. Nxd4 O-O 16. Re2 Na6 17. Bxa8 Qxa8 18. a3 Ne4 19. Qd3 Bxd4 20. Qxd4 Nac5
21. Rae1 d5 22. f3 Nb3 23. Qd1 Nec5 24. Bd6 Rd8 25. Bxc5 Nxc5 26. cxd5 Rxd5 27.
Rd2 1-0

[Event "Skopje MKD"]
[Site "Skopje MKD"]
[Date "2014.04.05"]
[Round "9.16"]
[White "Bok, Benjamin"]
[Black "Roeder, Mathias"]
[Result "1-0"]
[WhiteElo "2575"]
[BlackElo "2416"]
[PlyCount "119"]
[EventDate "2014.03.29"]
[EventType "swiss"]
[EventRounds "9"]

1. e4 c5 2. Nf3 d6 3. d4 cxd4 4. Nxd4 Nf6 5. Nc3 a6 6. Be3 e5 7. Nf3 Qc7 8. a4
Be7 9. Be2 O-O 10. O-O Be6 11. Ng5 Bc8 12. a5 h6 13. Nf3 Be6 14. Nd5 Nxd5 15.
exd5 Bg4 16. Bb6 Qc8 17. Nd2 Bf5 18. Nc4 Nd7 19. Be3 Re8 20. Kh1 Rb8 21. Ba7
Ra8 22. Be3 Qc7 23. Nb6 Nxb6 24. axb6 Qd8 25. b4 Bg5 26. Qc1 Bg6 27. f3 f5 28.
Bxg5 hxg5 29. Qe3 f4 30. Qf2 Qf6 31. Rfd1 Rac8 32. c4 e4 33. fxe4 Bxe4 34. Kg1
Qc3 35. h4 gxh4 36. Bg4 Rxc4 37. Be6+ Rxe6 38. dxe6 Qe5 39. Rac1 Rxc1 40. Rxc1
Qxe6 41. Qxf4 d5 42. Kh2 Qxb6 43. Rc8+ Kh7 44. Qxh4+ Qh6 45. Qxh6+ Kxh6 46. g4
Kg5 47. Kg3 Kf6 48. Kf4 g5+ 49. Ke3 Ke5 50. Re8+ Kf6 51. Kd4 Bc2 52. Rf8+ Ke6
53. Rg8 Kf6 54. Rd8 Be4 55. Rd6+ Ke7 56. Rb6 Bf3 57. Rxb7+ Kf6 58. Rb6+ Kg7 59.
Rxa6 Bxg4 60. b5 1-0

[Event "Skopje MKD"]
[Site "Skopje MKD"]
[Date "2014.04.05"]
[Round "9.17"]
[White "Golod, Vitali"]
[Black "Arnaudov, Petar G"]
[Result "1-0"]
[WhiteElo "2573"]
[BlackElo "2459"]
[PlyCount "67"]
[EventDate "2014.03.29"]
[EventType "swiss"]
[EventRounds "9"]

1. d4 Nf6 2. c4 c5 3. d5 b5 4. cxb5 a6 5. bxa6 g6 6. Nc3 Bg7 7. Nf3 O-O 8. g3
d6 9. Bg2 Nbd7 10. O-O Nb6 11. Ne1 Rxa6 12. Nc2 e6 13. dxe6 fxe6 14. e4 Bb7 15.
Bg5 Qa8 16. Re1 Ne8 17. Qg4 Bc8 18. e5 d5 19. Be7 Rf5 20. Bxc5 Nd7 21. Bd4 Nxe5
22. Qe2 Rc6 23. Nb4 Rd6 24. Nb5 Rd8 25. g4 Rf4 26. Bxe5 Rxb4 27. a3 Ra4 28. Nc3
Ra5 29. Bxg7 Nxg7 30. Rad1 Qb8 31. Qe5 Qb6 32. Qd4 Qxb2 33. a4 Qa3 34. Qb6 1-0

[Event "Skopje MKD"]
[Site "Skopje MKD"]
[Date "2014.04.05"]
[Round "9.18"]
[White "Damljanovic, Branko"]
[Black "Drazic, Sinisa"]
[Result "1/2-1/2"]
[WhiteElo "2566"]
[BlackElo "2415"]
[PlyCount "60"]
[EventDate "2014.03.29"]
[EventType "swiss"]
[EventRounds "9"]

1. d4 d5 2. c4 e6 3. Nf3 Nf6 4. g3 dxc4 5. Bg2 Nc6 6. O-O Rb8 7. e3 b5 8. Qe2
Be7 9. Rd1 O-O 10. b3 cxb3 11. axb3 a6 12. Bb2 Nb4 13. e4 Bb7 14. Nc3 Nd7 15.
Rac1 Re8 16. h4 Bf8 17. Nh2 f6 18. h5 Qe7 19. Ba3 Qf7 20. h6 g6 21. Ng4 Nd3 22.
Rxd3 Bxa3 23. Rc2 f5 24. Ne5 Nxe5 25. dxe5 Bf8 26. Qd2 c5 27. Rd7 Re7 28. Rd6
Ree8 29. Rd7 Re7 30. Rd6 Ree8 1/2-1/2

[Event "Skopje MKD"]
[Site "Skopje MKD"]
[Date "2014.04.05"]
[Round "9.19"]
[White "Bulmaga, Irina"]
[Black "Baron, Tal"]
[Result "0-1"]
[WhiteElo "2375"]
[BlackElo "2513"]
[PlyCount "94"]
[EventDate "2014.03.29"]
[EventType "swiss"]
[EventRounds "9"]

1. e4 e6 2. d4 d5 3. Nc3 Nf6 4. e5 Nfd7 5. f4 c5 6. Nf3 Nc6 7. Be3 cxd4 8. Nxd4
Bc5 9. Qd2 O-O 10. O-O-O a6 11. Qf2 Qe7 12. Bd3 f6 13. exf6 Nxf6 14. h3 Bd6 15.
Qh4 Bd7 16. Rhe1 Rac8 17. Nxc6 bxc6 18. g4 g6 19. f5 gxf5 20. gxf5 e5 21. Bh6
Rf7 22. Rd2 Kh8 23. Rg2 e4 24. Bxa6 Rg8 25. Rg5 Qe5 26. Ne2 Rb8 27. c3 Ng8 28.
Rg6 Nxh6 29. Qxh6 Bf8 30. Qh4 Rxf5 31. Reg1 Bc5 32. Qh6 Rh5 33. Qg7+ Qxg7 34.
Rxg7 Bxg1 35. Rxd7 Be3+ 36. Kc2 Rxh3 37. a4 Rb6 38. Rd8+ Kg7 39. Ra8 Rh2 40. b4
Rxa6 41. Rxa6 Rxe2+ 42. Kb3 Bc1 43. a5 Rb2+ 44. Ka4 e3 45. Rxc6 e2 46. Re6 Kf7
47. Re5 Bf4 0-1

[Event "Skopje MKD"]
[Site "Skopje MKD"]
[Date "2014.04.05"]
[Round "9.20"]
[White "Antipov, Mikhail Al"]
[Black "Dastan, Batuhan Muhammed"]
[Result "1/2-1/2"]
[WhiteElo "2507"]
[BlackElo "2416"]
[PlyCount "63"]
[EventDate "2014.03.29"]
[EventType "swiss"]
[EventRounds "9"]

1. e4 c5 2. Nf3 d6 3. d4 cxd4 4. Qxd4 Nc6 5. Bb5 Bd7 6. Qd3 g6 7. Nc3 Bg7 8.
Bg5 h6 9. Bh4 Nf6 10. O-O-O g5 11. Bg3 Nh5 12. Rhe1 Nxg3 13. hxg3 g4 14. Nh4
Rc8 15. Nf5 Be5 16. a3 a6 17. Bxc6 Rxc6 18. Nd4 Rc5 19. Kb1 e6 20. Nde2 Qb6 21.
f4 gxf3 22. gxf3 Bb5 23. Nxb5 Qxb5 24. Qxb5+ Rxb5 25. c3 Ke7 26. Rh1 Bg7 27.
Kc2 Rd8 28. Rd3 f5 29. exf5 Rxf5 30. g4 Rf7 31. Rh5 Rdf8 32. f4 1/2-1/2

[Event "Skopje MKD"]
[Site "Skopje MKD"]
[Date "2014.04.05"]
[Round "9.21"]
[White "Fier, Alexandr Hilario T"]
[Black "Petrisor, Adrian Marian"]
[Result "1-0"]
[WhiteElo "2595"]
[BlackElo "2406"]
[PlyCount "79"]
[EventDate "2014.03.29"]
[EventType "swiss"]
[EventRounds "9"]

1. e4 e6 2. d4 d5 3. Nd2 c5 4. exd5 Qxd5 5. dxc5 Bxc5 6. Ngf3 Nf6 7. Bc4 Qd6 8.
O-O O-O 9. Qe2 Nc6 10. Nb3 Bb6 11. Bg5 Qe7 12. Nbd2 Qc7 13. c3 Ng4 14. Rae1 Ne7
15. Qe4 Bxf2+ 16. Rxf2 Nxf2 17. Kxf2 Ng6 18. h4 h6 19. h5 Ne7 20. Bf4 Qc5+ 21.
Be3 Qxh5 22. g4 Qg6 23. Bc5 Re8 24. Bb5 Qxe4 25. Nxe4 Nc6 26. Nd6 Rd8 27. Bxc6
bxc6 28. Ne5 Bd7 29. Ndxf7 Rdb8 30. Ba3 Be8 31. Nd6 a5 32. Nxe8 Rxe8 33. Nxc6
Ra7 34. c4 a4 35. c5 Rf7+ 36. Kg3 Rf6 37. Ne5 Rd8 38. c6 Rd2 39. c7 Rc2 40. Nd7
1-0

[Event "Skopje MKD"]
[Site "Skopje MKD"]
[Date "2014.04.05"]
[Round "9.22"]
[White "Zlatanovic, Boroljub"]
[Black "Parligras, Mircea Emilian"]
[Result "1/2-1/2"]
[WhiteElo "2398"]
[BlackElo "2572"]
[PlyCount "102"]
[EventDate "2014.03.29"]
[EventType "swiss"]
[EventRounds "9"]

1. c4 e6 2. g3 d5 3. Bg2 dxc4 4. Qa4+ Nd7 5. Qxc4 c5 6. Nf3 a6 7. a4 b5 8. Qc2
Bb7 9. O-O Ngf6 10. d4 Be7 11. axb5 axb5 12. Rxa8 Qxa8 13. dxc5 Be4 14. Qb3
Bxb1 15. Nd2 Qa2 16. c6 Qxb3 17. cxd7+ Kxd7 18. Nxb3 Rc8 19. Bf4 Be4 20. Rd1+
Ke8 21. Bxe4 Nxe4 22. f3 Nf6 23. e4 Nd7 24. Rc1 Ra8 25. Rc7 Bd8 26. Rc2 g5 27.
Bd6 Nb6 28. Rc5 Nc4 29. Bc7 Bxc7 30. Rxc7 Ra2 31. Nd4 Rxb2 32. Nxb5 Ne5 33.
Nd6+ Kf8 34. f4 Nf3+ 35. Kf1 Nxh2+ 36. Kg1 Nf3+ 37. Kf1 h5 38. Rxf7+ Kg8 39.
fxg5 Nd2+ 40. Kg1 Nxe4 41. Re7 Nxg5 42. Ra7 e5 43. Ne8 Kf8 44. Nf6 Nh3+ 45. Kh1
Nf2+ 46. Kg1 e4 47. Nxh5 Nh3+ 48. Kf1 e3 49. Nf4 Ng5 50. Ng6+ Kg8 51. Ne7+ Kh8
1/2-1/2

[Event "Skopje MKD"]
[Site "Skopje MKD"]
[Date "2014.04.05"]
[Round "9.23"]
[White "Blagojevic, Dragisa"]
[Black "Maier, Christian"]
[Result "1-0"]
[WhiteElo "2517"]
[BlackElo "2376"]
[PlyCount "68"]
[EventDate "2014.03.29"]
[EventType "swiss"]
[EventRounds "9"]

1. d4 e6 2. c4 b6 3. a3 Bb7 4. Nc3 f5 5. d5 Nf6 6. g3 Bd6 7. Nf3 O-O 8. Bg2 a5
9. O-O Na6 10. Be3 Qe7 11. Qc2 Nc5 12. Rad1 a4 13. Nd4 Ng4 14. Bc1 f4 15. dxe6
Bxg2 16. Kxg2 dxe6 17. f3 Nxh2 18. Kxh2 Qg5 19. Rg1 Rf6 20. Rg2 fxg3+ 21. Kg1
Qh4 22. Ne4 Rf4 23. Nxd6 Rxd4 24. Ne4 Rad8 25. Rxd4 Rxd4 26. Be3 Nxe4 27. Bxd4
Ng5 28. Be5 Nh3+ 29. Kf1 Nf4 30. Bxf4 Qxf4 31. Rg1 h5 32. Qe4 Qg5 33. Qxe6+ Kh7
34. Kg2 Qc5 1-0

[Event "Skopje MKD"]
[Site "Skopje MKD"]
[Date "2014.04.05"]
[Round "9.24"]
[White "Cabrilo, Goran"]
[Black "Henrichs, Thomas"]
[Result "1/2-1/2"]
[WhiteElo "2406"]
[BlackElo "2496"]
[PlyCount "58"]
[EventDate "2014.03.29"]
[EventType "swiss"]
[EventRounds "9"]

1. e4 c5 2. Nf3 d6 3. d4 cxd4 4. Nxd4 Nf6 5. Nc3 a6 6. Be2 e5 7. Nb3 Be7 8. O-O
O-O 9. Kh1 Be6 10. f4 b5 11. a3 Qc7 12. g4 h6 13. g5 hxg5 14. fxg5 Nh7 15. Nd5
Bxd5 16. Qxd5 Qxc2 17. Rxf7 Rxf7 18. Bh5 g6 19. Bxg6 Qf2 20. Bxf7+ Kg7 21. Bd2
Qxf7 22. Qxa8 Qf3+ 23. Kg1 Nxg5 24. Bxg5 Bxg5 25. Qa7+ Kh6 26. Re1 Qg4+ 27. Kh1
Qf3+ 28. Kg1 Qg4+ 29. Kh1 Qf3+ 1/2-1/2

[Event "Skopje MKD"]
[Site "Skopje MKD"]
[Date "2014.04.05"]
[Round "9.25"]
[White "Radovanovic, Dusan"]
[Black "Colovic, Aleksandar"]
[Result "1/2-1/2"]
[WhiteElo "2379"]
[BlackElo "2493"]
[PlyCount "20"]
[EventDate "2014.03.29"]
[EventType "swiss"]
[EventRounds "9"]

1. d4 d5 2. c4 c6 3. Nf3 Nf6 4. e3 e6 5. b3 Bb4+ 6. Bd2 Bd6 7. Bd3 Nbd7 8. Nc3
O-O 9. O-O a6 10. Qc2 e5 1/2-1/2

[Event "Skopje MKD"]
[Site "Skopje MKD"]
[Date "2014.04.05"]
[Round "9.26"]
[White "Firat, Burak"]
[Black "Ali Marandi, Cemil Can"]
[Result "1/2-1/2"]
[WhiteElo "2480"]
[BlackElo "2380"]
[PlyCount "27"]
[EventDate "2014.03.29"]
[EventType "swiss"]
[EventRounds "9"]

1. c4 e5 2. Nc3 Nf6 3. g3 d5 4. cxd5 Nxd5 5. Bg2 Nb6 6. e3 Be7 7. Nge2 O-O 8.
O-O c6 9. d4 exd4 10. Nxd4 Bf6 11. Ne4 Bxd4 12. exd4 Nd5 13. Bg5 Qb6 14. Qd2
1/2-1/2

[Event "Skopje MKD"]
[Site "Skopje MKD"]
[Date "2014.04.05"]
[Round "9.27"]
[White "Todorovic, Goran M"]
[Black "Radovanovic, Jovica"]
[Result "1-0"]
[WhiteElo "2476"]
[BlackElo "2372"]
[PlyCount "45"]
[EventDate "2014.03.29"]
[EventType "swiss"]
[EventRounds "9"]

1. e4 c5 2. Nf3 Nc6 3. d4 cxd4 4. Nxd4 e6 5. Nc3 Qc7 6. Be3 Nf6 7. Be2 a6 8.
O-O Bb4 9. Na4 Be7 10. Nxc6 bxc6 11. Nb6 Rb8 12. Nxc8 Qxc8 13. Bd4 O-O 14. e5
Ne8 15. Qd3 c5 16. Bc3 Rb6 17. Rad1 d5 18. exd6 Nxd6 19. Qh3 Nf5 20. Bd3 g6 21.
Bxf5 exf5 22. Rd3 Rd8 23. Qxh7+ 1-0

[Event "Skopje MKD"]
[Site "Skopje MKD"]
[Date "2014.04.05"]
[Round "9.28"]
[White "Klasan, Vladimir"]
[Black "Pancevski, Filip"]
[Result "0-1"]
[WhiteElo "2345"]
[BlackElo "2466"]
[PlyCount "124"]
[EventDate "2014.03.29"]
[EventType "swiss"]
[EventRounds "9"]

1. e4 g6 2. d4 Bg7 3. Nc3 a6 4. a4 d6 5. Nf3 Nf6 6. h3 O-O 7. Be3 Nc6 8. Be2 e5
9. dxe5 dxe5 10. O-O Be6 11. Ng5 Qe7 12. Nd5 Bxd5 13. exd5 Nd4 14. c4 Rad8 15.
Nf3 Nf5 16. Qb3 Nxe3 17. Qxe3 Nd7 18. Rfe1 a5 19. Bf1 Qd6 20. Ng5 Nc5 21. Ne4
Nxe4 22. Qxe4 f5 23. Qc2 Qc5 24. Rad1 e4 25. b3 Rfe8 26. Re2 Re5 27. Rde1 h5
28. Qd2 Kh7 29. Qe3 Qe7 30. f4 exf3 31. Qxf3 h4 32. Kh1 Re8 33. Qf4 Rxe2 34.
Rxe2 Be5 35. Qf2 b6 36. Re3 Qg5 37. Qf3 Re7 38. Bd3 Kg8 39. Bf1 Kf8 40. Bd3 Kg7
41. Bf1 Kf7 42. Qf2 Kf6 43. Bd3 Bd4 44. Re6+ Rxe6 45. Qxd4+ Re5 46. d6 c5 47.
d7 Qc1+ 48. Kh2 cxd4 49. d8=Q+ Kf7 50. Qd7+ Re7 51. Qd5+ Kf8 52. Qd8+ Kf7 53.
Qd5+ Kf6 54. Qd6+ Re6 55. Qxd4+ Kg5 56. Qd8+ Rf6 57. Be2 Qf4+ 58. Kg1 Qd6 59.
Qh8 Qd4+ 60. Kf1 Qf4+ 61. Kg1 Qd6 62. Qa8 Re6 0-1

[Event "Skopje MKD"]
[Site "Skopje MKD"]
[Date "2014.04.05"]
[Round "9.29"]
[White "Donchenko, Alexander"]
[Black "Cawdery, Daniel"]
[Result "1-0"]
[WhiteElo "2463"]
[BlackElo "2362"]
[PlyCount "79"]
[EventDate "2014.03.29"]
[EventType "swiss"]
[EventRounds "9"]

1. c4 Nf6 2. g3 g6 3. Bg2 d5 4. cxd5 Nxd5 5. Nc3 Nb6 6. d3 Bg7 7. Be3 Nc6 8.
Qd2 Nd4 9. Rc1 Nf5 10. Bc5 c6 11. Nf3 Nd7 12. Ba3 O-O 13. O-O Re8 14. e3 Qa5
15. Rfd1 Nd6 16. Nd4 Nf6 17. h3 a6 18. Nc2 Be6 19. b4 Qc7 20. Nd4 Bd7 21. Bb2
Rad8 22. Nb3 e5 23. Qc2 Bc8 24. a4 Qb8 25. Ba3 Bf8 26. Nc5 Nd7 27. Rb1 b6 28.
Nb3 Bb7 29. Nd2 Qa8 30. Qb3 b5 31. Rbc1 c5 32. Bxb7 Nxb7 33. Nde4 bxa4 34. Nxa4
Rb8 35. Qd5 cxb4 36. Qxd7 Red8 37. Qc7 bxa3 38. Nf6+ Kg7 39. Qxe5 Bd6 40. Ne8+
1-0

[Event "Skopje MKD"]
[Site "Skopje MKD"]
[Date "2014.04.05"]
[Round "9.30"]
[White "Antic, Dejan"]
[Black "Nikolov, Sasho"]
[Result "1-0"]
[WhiteElo "2462"]
[BlackElo "2358"]
[PlyCount "55"]
[EventDate "2014.03.29"]
[EventType "swiss"]
[EventRounds "9"]

1. d4 d5 2. c4 c6 3. Nf3 Nf6 4. Nc3 dxc4 5. a4 Bf5 6. e3 e6 7. Bxc4 Bb4 8. O-O
Nbd7 9. Nh4 Bg6 10. h3 O-O 11. Nxg6 hxg6 12. Qc2 Qe7 13. Na2 Bd6 14. e4 Bc7 15.
e5 Nd5 16. Nc3 N7b6 17. Bb3 Rad8 18. Ne4 Nb4 19. Qc3 Qh4 20. Re1 N6d5 21. Qf3
f6 22. exf6 gxf6 23. Nc5 Rde8 24. Nxe6 Qxd4 25. Be3 Qxb2 26. Bd4 Qd2 27. Bc3
Nxc3 28. Nxc7+ 1-0

[Event "Skopje MKD"]
[Site "Skopje MKD"]
[Date "2014.04.05"]
[Round "9.31"]
[White "Berescu, Alin Mile"]
[Black "Piasetski, Leon David"]
[Result "1-0"]
[WhiteElo "2459"]
[BlackElo "2293"]
[PlyCount "43"]
[EventDate "2014.03.29"]
[EventType "swiss"]
[EventRounds "9"]

1. e4 g6 2. d4 Bg7 3. Nc3 c6 4. f4 d6 5. Nf3 Bg4 6. Be3 Qb6 7. Qd2 Nf6 8. O-O-O
d5 9. e5 Ne4 10. Nxe4 dxe4 11. h3 exf3 12. hxg4 fxg2 13. Bxg2 Qa6 14. Kb1 e6
15. f5 Nd7 16. Bf1 b5 17. Bg2 Rc8 18. Be4 Rc7 19. fxe6 fxe6 20. Rxh7 Rxh7 21.
Bxg6+ Kd8 22. Bxh7 1-0

[Event "Skopje MKD"]
[Site "Skopje MKD"]
[Date "2014.04.05"]
[Round "9.32"]
[White "Aharon, Ofir"]
[Black "Dimitrov, Radoslav"]
[Result "1/2-1/2"]
[WhiteElo "2316"]
[BlackElo "2459"]
[PlyCount "209"]
[EventDate "2014.03.29"]
[EventType "swiss"]
[EventRounds "9"]

1. e4 c6 2. d4 d5 3. Nc3 dxe4 4. Nxe4 Nd7 5. Nf3 Ngf6 6. Ned2 c5 7. Nc4 cxd4 8.
Qxd4 g6 9. Be2 Bg7 10. O-O O-O 11. Qh4 b5 12. Ne3 a6 13. a4 bxa4 14. Qxa4 Bb7
15. Rd1 Qc7 16. Bd2 Nc5 17. Qa5 Qxa5 18. Rxa5 Ne6 19. Bb4 Rfe8 20. Rda1 Nc7 21.
Bc3 Rad8 22. h3 Nfd5 23. Bxg7 Kxg7 24. Nxd5 Nxd5 25. Bxa6 Bxa6 26. Rxa6 Nb4 27.
Ra7 Nxc2 28. R1a4 Rd1+ 29. Kh2 Ne1 30. Nxe1 Rxe1 31. Rb7 Re2 32. Rf4 Rc8 33. b4
Rcc2 34. Kg1 f5 35. g4 Kf6 36. gxf5 gxf5 37. h4 Rb2 38. Rb5 e6 39. Rc5 Re1+ 40.
Kg2 Rbb1 41. Rc2 Rg1+ 42. Kf3 Rb3+ 43. Ke2 h5 44. Rfc4 Rg4 45. Rxg4 hxg4 46.
Rc4 Ke5 47. Kf1 Kd5 48. Rc5+ Kd6 49. Rc4 Rh3 50. Kg2 Rxh4 51. b5 Rh7 52. Rc1
Rb7 53. Rb1 Kc5 54. Re1 Rb6 55. Kg3 Kxb5 56. Kf4 Kc5 57. Ke5 Rb2 58. f3 g3 59.
Rc1+ Kb5 60. Kxe6 f4 61. Kf5 Rb4 62. Rc8 Ka4 63. Kg4 Kb3 64. Kh3 Rc4 65. Rb8+
Kc3 66. Kg2 Kd4 67. Rd8+ Ke5 68. Re8+ Kf6 69. Re2 Rc8 70. Ra2 Rc5 71. Rb2 Ke5
72. Re2+ Kd5 73. Rd2+ Kc4 74. Rd8 Rd5 75. Rc8+ Kd3 76. Rf8 Rd4 77. Ra8 Kd2 78.
Re8 Kd1 79. Rf8 Kd2 80. Rf7 Kd3 81. Rf8 Kc4 82. Rc8+ Kd5 83. Rd8+ Ke5 84. Re8+
Kd5 85. Rd8+ Ke5 86. Re8+ Kf5 87. Re7 Rd8 88. Ra7 Rh8 89. Ra5+ Ke6 90. Ra6+ Kd5
91. Ra5+ Kc6 92. Ra6+ Kc5 93. Ra5+ Kb4 94. Rf5 Rh4 95. Rf8 Kc3 96. Rc8+ Kd4 97.
Rd8+ Ke5 98. Re8+ Kf6 99. Rf8+ Ke6 100. Re8+ Kf6 101. Rf8+ Ke7 102. Rf5 Ke6
103. Rf8 Ke5 104. Re8+ Kf6 105. Rf8+ 1/2-1/2

[Event "Skopje MKD"]
[Site "Skopje MKD"]
[Date "2014.04.05"]
[Round "9.33"]
[White "Emiroglu, Cankut"]
[Black "Bogdanovski, Vlatko"]
[Result "1/2-1/2"]
[WhiteElo "2328"]
[BlackElo "2447"]
[PlyCount "44"]
[EventDate "2014.03.29"]
[EventType "swiss"]
[EventRounds "9"]

1. e4 Nf6 2. e5 Nd5 3. c4 Nb6 4. d4 d6 5. exd6 exd6 6. h3 Be7 7. Nf3 O-O 8. Bd3
Bf6 9. O-O Nc6 10. Nc3 Re8 11. Be2 Bf5 12. Bf4 g6 13. Rc1 a6 14. b3 d5 15. Nxd5
Nxd5 16. cxd5 Qxd5 17. Bxc7 Nxd4 18. Nxd4 Qxd4 19. Qxd4 Bxd4 20. Bf3 Be4 21.
Rc4 Bxf3 22. Rxd4 Bc6 1/2-1/2

[Event "Skopje MKD"]
[Site "Skopje MKD"]
[Date "2014.04.05"]
[Round "9.34"]
[White "Sanal, Vahap"]
[Black "Nakhbayeva, Guliskhan"]
[Result "1-0"]
[WhiteElo "2442"]
[BlackElo "2293"]
[PlyCount "85"]
[EventDate "2014.03.29"]
[EventType "swiss"]
[EventRounds "9"]

1. e4 e6 2. d4 d5 3. Nd2 Nf6 4. e5 Nfd7 5. f4 c5 6. c3 Nc6 7. Ndf3 Be7 8. Bd3
cxd4 9. cxd4 f5 10. a3 O-O 11. h4 Nb6 12. h5 a5 13. b3 Bd7 14. Ne2 a4 15. b4
Na7 16. Be3 Rc8 17. Kf2 Bb5 18. Bxb5 Nxb5 19. Qd3 Qd7 20. Rhg1 Rc7 21. g4 Rfc8
22. gxf5 exf5 23. e6 Qe8 24. Qxf5 Bd8 25. Qe5 Qf8 26. f5 Nd6 27. e7 Rxe7 28.
Qxd6 Rc2 29. Rae1 Bc7 30. Qh6 Qxf5 31. Qg5 Qe6 32. Ne5 Nc4 33. Bf4 Bxe5 34.
Bxe5 Nxe5 35. dxe5 d4 36. Kg3 Qb3+ 37. Kh4 Rd7 38. Qg4 Qf7 39. e6 Qf2+ 40. Kh3
Rdc7 41. Qe4 Rc8 42. e7 Qf7 43. Ng3 1-0

[Event "Skopje MKD"]
[Site "Skopje MKD"]
[Date "2014.04.05"]
[Round "9.35"]
[White "Videnova, Iva"]
[Black "Tosic, Miroslav"]
[Result "0-1"]
[WhiteElo "2251"]
[BlackElo "2426"]
[PlyCount "102"]
[EventDate "2014.03.29"]
[EventType "swiss"]
[EventRounds "9"]

1. e4 e5 2. Nf3 Nc6 3. Bb5 a6 4. Ba4 Nf6 5. O-O Be7 6. Re1 b5 7. Bb3 d6 8. c3
O-O 9. h3 Na5 10. Bc2 c5 11. d4 Qc7 12. Nbd2 cxd4 13. cxd4 Nc6 14. Nb3 a5 15.
Be3 a4 16. Nbd2 Bd7 17. Rc1 Qb7 18. a3 h6 19. Nf1 Rfe8 20. Ng3 Bf8 21. d5 Na5
22. Bd2 Nc4 23. Bc3 Rec8 24. Bd3 g6 25. Qe2 Qb6 26. Nd2 Na5 27. Kh2 h5 28. Nh1
Bh6 29. g3 Kg7 30. f4 exf4 31. Rf1 Rxc3 32. Rxc3 fxg3+ 33. Nxg3 h4 34. Nh1 Nh5
35. Qf2 Bf4+ 36. Kg2 Qd8 37. Nf3 Bxh3+ 38. Kxh3 Qd7+ 39. Kg2 h3+ 40. Kg1 Qg4+
41. Ng3 Bxg3 42. Qc2 Be1+ 43. Kh1 Qg2+ 44. Qxg2 hxg2+ 45. Kxg2 Bxc3 46. Bxb5
Bxb2 47. Rb1 Bxa3 48. Bxa4 Nc4 49. Bc6 Ne3+ 50. Kh3 Rh8 51. Rb7 Nf6+ 0-1